000 005090000a22002050004500
001 272
003 CO-MdFUSB
005 20170615142600.0
008 170615b xxu||||| |||| 00| 0 eng d
020 _a978-958-30-2317-0
040 _cCO-MdBIC
082 0 4 _a863C K54m
100 1 _aLongour, Michéle
245 1 0 _aLos medios de transporte / Michéle Longour
260 _aBogotá : Panamericana
300 _a[ 22 P. ]
500 _aTexto con solapas
650 1 4 _aLiteratura Infantil
942 _cLGB
999 _c47518
_d47518